00318nam a22000857a 4500999001500000082001300015245009700028942000700125952010000132 c4606d4606 a657bEPS aEpsilon's Answers:ton the examination papers of the institute of cost and works accountants/ cBK 0010708NFICaICbICcREFd2018-07-15l0o657 EPSp001059r2022-11-17 00:00:00w2018-07-15yBK